| 000 | 00359nam a2200145Ia 4500 | ||
|---|---|---|---|
| 008 | 150301s2011 xx 000 0 und d | ||
| 082 |
_a616.07 _bS2011A |
||
| 100 | _aARORA ,ARVID | ||
| 245 | _aSELF ASSESSMENT AND REVIEW OF PATHOLOGY | ||
| 250 | _a4TH | ||
| 260 |
_bPULSE PUBLICATION _aU.P _c2011 |
||
| 300 | _a1-597 | ||
| 650 | _aPATHOLOGY | ||
| 942 |
_2ddc _cBK |
||
| 999 |
_c6880 _d6880 |
||